Magic Items from Skylanders - Statistics

General Stats
  • This quiz has been taken 48 times
  • The average score is 22 of 36
Answer Stats
Hint Answer % Correct
Spyro's Adventure Sparx the Dragonfly
95%
Spyro's Adventure Darklight Crypt
77%
Giants Dragonfire Cannon
77%
Spyro's Adventure Ghost Swords
77%
Spyro's Adventure Healing Elixir
77%
Spyro's Adventure Hidden Treasure
77%
Spyro's Adventure Pirate Seas
77%
Spyro's Adventure Sky Iron Shield
77%
Spyro's Adventure Winged Boots
77%
Spyro's Adventure Dragons Peak
73%
Spyro's Adventure Empire of Ice
73%
Giants (Variant) Golden Dragonfire Cannon
73%
Giants Scorpion Striker Catapult
73%
Swap Force Sky Diamond
73%
Spyro's Adventure Time Twister
73%
Spyro's Adventure Anvil Rain
68%
Spyro's Adventure Volcanic Vault
68%
Swap Force Groove Machine
64%
Trap Team Rocket Ram
64%
Swap Force Tower of Time
64%
Swap Force Battle Hammer
59%
Giants (Variant) Platinum Treasure Chest
59%
Trap Team Tiki Speaky
59%
Swap Force Arkeyan Crossbow
55%
Swap Force Fiery Forge
55%
Trap Team Hand of Fate
55%
Swap Force Platinum Sheep
55%
Swap Force Sheep Wreck Island
55%
Trap Team (Variant) Legendary Hand of Fate
50%
Trap Team Mirror of Mystery
45%
Trap Team Midnight Museum
41%
Trap Team Piggy Bank
41%
Trap Team Sunscraper Spire
41%
Trap Team Nightmare Express
36%
Imaginators Gryphon Park Observatory
32%
Imaginators Enchanted Elven Forest
27%
No matching quizzes found
Score Distribution
Percent of People with Each Score
Percentile by Number Answered
Your Score History
You have not taken this quiz